Regioni dell'Italia augustea - Statistics

Statistiche generali
  • Questo quiz è stato fatto 14 volte
  • Il punteggio medio è 6 su 11
Statistiche sulle risposte
Regio Risposta % Corretto
Regio VII Etruria
89%
Regio II Apulia et Calabria
78%
Regio I Latium et Campania
78%
Regio IX Liguria
67%
Regio VIII Aemilia
56%
Regio III Lucania et Bruttii
56%
RegioV Picenum
56%
Regio VI Umbria er ager Gallicus
56%
Regio X Venetia et Histria
44%
Regio IV Samnium
33%
Regio XI Transpadana
22%
Nessun quiz corrispondente trovato
Distribuzione punteggi
Percentuale di utenti per punteggio
Percentile per numero di risposta
I tuoi punteggi nel tempo
Non hai fatto questo quiz